O čitateľskej recepcii literatúry

Bibliographic Details
Main Author: Farkašová, Etela, 1943- (Author)
Format: Article
Language:Slovak
Subjects:

MARC

LEADER 00000nab a2200000 a 4500
001 vtls000309029
003 SK-MaSNL
005 20260305011113.0
008 131118c1988 xo 0 slo
015 |a SNBRB19rr/mm-uuuuu 
035 |a CL0319150 
040 |a SNKBUCL  |b slo  |c SNKBUCL  |e AACR2 
041 0 |a slo 
044 |a xo  |c SK 
080 |a 82.0  |2 1981 
080 |a 82  |2 1981 
080 |a 301(048)  |2 1981 
100 1 |a Farkašová, Etela,  |d 1943-  |4 aut  |9 100186 
245 1 0 |a O čitateľskej recepcii literatúry  |c Etela Farkašová 
500 |a V rubrike Recenzie. 
650 0 7 |a literárna komunikácia  |2 snkbucl  |9 71537 
650 0 7 |a recepcia umeleckého textu  |2 snkbucl  |9 514026 
655 7 |a články z novín a časopisov  |2 snkbucl  |9 267496 
655 7 |a články z odboru literárna veda a krásna literatúra  |2 snkbucl  |9 770045 
773 0 |t Romboid  |g Č. 4 (1988), s. 79-82 
787 0 8 |i Rec.:  |a Lesňák, Rudolf  |t Čitateľská recepcia litearatúry  |d Bratislava : Slovenský spisovateľ, 1987 
850 |a Slovenská národná knižnica v Martine  |a MTA001 
852 |a SNK  |b KIS3GCP 
958 |a RK 
958 |a LX 
992 |a RBX 
999 |c 3250839  |d 3252769